000 00565nam a2200121Ia 4500
008 171212s9999 xx 000 0 und d
020 _a9780833044648
100 _aMedeiros, Evan S.;Crane, Keith;Heginbotham, Eric;Levin, Norman D.;Lowell, Julia F.
245 _cMedeiros, Evan S.;Crane, Keith;Heginbotham, Eric;Levin, Norman D.;Lowell, Julia F.
_aPacific Currents
_bThe Responses of U.S. Allies and Security Partners in East Asia to China’s Rise
260 _bRAND Corporation
_c2008
650 _aPolitical Science
856 _uwww.jstor.org/stable/10.7249/mg736af
999 _c352392
_d352392